All Songs - $uicideboy$ - Statistics

General Stats
  • This quiz has been taken 1,136 times
    53 since last reset
  • The average score is 130 of 378
Answer Stats
Hint Answer % Correct
KILL YOURSELF Part I: The $uicide Saga Kill Yourself
88%
KILL YOURSELF Part I: The $uicide Saga Kill Yourself - Leaned Out Remix
88%
Gray/Grey Kill Yourself - Part II
88%
My Liver Will Handle What My Heart Can’t Kill Yourself - Part III
88%
Single 1 Kill Yourself - Part IV
88%
New World Depression Kill Yourself - Part V
88%
Sing Me a Lullaby, My Sweet Temptation 1000 Blunts
81%
KILL YOURSELF Part XIV: The Vulture Saga FUCK
81%
High Tide in the Snake’s Nest Ugly
81%
$outh $ide $uicide (with Pouya) $outh $ide $uicide
77%
Now the Moon's Rising Paris
77%
Long Term Effects of SUFFERING Ugliest
73%
THY KINGDOM COME Napoleon
69%
Eternal Grey Uglier
69%
KILL YOURSELF Part III: The Budd Dwyer Saga 100 Blunts
65%
KILL YOURSELF Part III: The Budd Dwyer Saga 100 Blunts - DJ Phantazm Remix
65%
STOP STARING AT THE SHADOWS ...And To Those I Love, Thanks For Sticking Around
65%
Long Term Effects of SUFFERING Avalon
65%
THY WILL BE DONE BLOODSWEAT
65%
Sing Me a Lullaby, My Sweet Temptation Matte Black
65%
High Tide in the Snake’s Nest $outh $ide $uicide (feat. Pouya)
65%
$outh $ide $uicide (with Pouya) Cold Turkey
62%
KILL YOURSELF Part XX: The Infinity Saga For the Last Time
62%
New World Depression Us Vs. Them
62%
KILL YOURSELF Part VII: The Fuck God Saga Where's Your God?
62%
THY WILL BE DONE 2009 Reggie Bush
58%
7th or St. Tammany 7th or St. Tammany
58%
SHAMELESS $UICIDE (with Shakewell) Big Shot Cream Soda
58%
New World Depression Burgundy
58%
I Want to Die in New Orleans Carrollton
58%
Gray/Grey Clouds as Witnesses
58%
7th or St. Tammany Drugs, Hoes, Money, Etc.
58%
High Tide in the Snake’s Nest Exodus
58%
KILL YOURSELF Part V: The Fuck Bitches, Get Death Saga Fuck a Hoe (feat. Black Smurf)
58%
G​.​R​.​E​.​Y​.​G​.​O​.​D​.​S. (with Ramirez) Fuck a Hoe - Part II
58%
Sing Me a Lullaby, My Sweet Temptation Genesis
58%
KILL YOURSELF Part VI: The Tsunami Saga Gold ('99-2000)
58%
I Want to Die in New Orleans I No Longer Fear the Razor Guarding My Heel (IV)
58%
7th or St. Tammany Leave Your Things Behind
58%
Eternal Grey Leave Your Things Behind II
58%
THY WILL BE DONE Leviticus
58%
YUNGDEATHLILLIFE LTE
58%
THY KINGDOM COME Monochromatic
58%
KILL YOURSELF Part IV: The Trill Clinton Saga Nm Jc
58%
I No Longer Fear the Razor Guarding My Heel (V) Not Even Ghosts Are This Empty
58%
KILL YOURSELF Part V: The Fuck Bitches, Get Death Saga Aphrodite (The Aquatic Ape Theory)
54%
DIRTIESTNASTIEST$UICIDE (with Germ) Champagne Face
54%
KILL YOURSELF Part V: The Fuck Bitches, Get Death Saga Deep Web (feat. Woozy Medz)
54%
High Tide in the Snake’s Nest Diemonds
54%
$outh $ide $uicide (with Pouya) Muddy Blunts
54%
KILL YOURSELF Part XIII: The Atlantis Saga New Chains, Same Shackles
54%
7th or St. Tammany Romulus
54%
Live Fast, Die Whenever (with Travis Barker) Aliens Are Ghosts
50%
Black $uicide (with Black Smurf) ...And so It Was
50%
Dark Side of the Clouds Antarctica
50%
YIN YANG TAPES: Summer Season (1989-1990) Bloody 98 (feat. Ghostemane)
50%
I No Longer Fear the Razor Guarding My Heel (II) CLYDE (I Hope at Least One of My Ex-Girlfriends Hears This)
50%
I Want to Die in New Orleans Coma
50%
Grey Sheep II Do You Believe In God?
50%
KILL YOURSELF Part III: The Budd Dwyer Saga Lettuce
50%
DIRTIERNASTIER$UICIDE (with Germ) Obey the Walrus
50%
My Liver Will Handle What My Heart Can’t Opal Ring
50%
Eternal Grey O Pana!
50%
Black $uicide (with Black Smurf) Smoke Break
50%
Sing Me a Lullaby, My Sweet Temptation THE_EVIL_THAT_MEN_DO
50%
New World Depression Thorns
50%
7th or St. Tammany Vices (feat. JGRXXN)
50%
YIN YANG TAPES: Fall Season (1989-1990) whatwhat
50%
I Want to Die in New Orleans 122 Days
46%
Gray/Grey #1 Stunna
46%
THY KINGDOM COME COUNT YOUR BLESSINGS
46%
7th or St. Tammany Dead Batteries
46%
Sing Me a Lullaby, My Sweet Temptation Fucking Your Culture
46%
THY WILL BE DONE Fuck Ups
46%
G​.​R​.​E​.​Y​.​G​.​O​.​D​.​S. (with Ramirez) G​.​R​.​E​.​Y​.​G​.​O​.​D​.​S.
46%
THY KINGDOM COME GREY+GREY+GREY
46%
KILL YOURSELF Part IX: The Soulseek Saga Harvest Moon
46%
YIN YANG TAPES: Spring Season (1989-1990) Hot Razor
46%
Now the Moon's Rising Low Key
46%
Radical $uicide Memoirs of a Gorilla
46%
High Tide in the Snake’s Nest Mount Sinai
46%
THY KINGDOM COME Self-Inflicted
46%
New World Depression The Thin Grey Line
46%
Eternal Grey Ultimate $uicide (feat. Denzel Curry)
46%
I Want to Die in New Orleans 10,000 Degrees
42%
KILL YOURSELF Part XII: The Dark Glacier Saga 2nd Hand
42%
KILL YOURSELF Part VII: The Fuck God Saga 333333 (RARE *96 BOOTLEG CASSETTE RIP TRES SEIS)
42%
Dark Side of the Clouds AM/PM
42%
THY WILL BE DONE Angel Grove
42%
KILL YOURSELF Part II: The Black Suede Saga Friday the 13th
42%
YUNGDEATHLILLIFE Gloss of Blood
42%
$outh $ide $uicide (with Pouya) Gluttony
42%
Gray/Grey $hrimp Poboy (feat. Supa Sortahuman)
42%
YIN YANG TAPES: Winter Season (1989-1990) I Deleted Facebook a Long Time Ago
42%
Dark Side of the Clouds Jeffer Drive
42%
New World Depression Lone Wolf Hysteria
42%
I Want to Die in New Orleans Long Gone (Save Me From This Hell)
42%
Radical $uicide Magazine
42%
New World Depression Mental Clarity Is a Luxury I Can't Afford
42%
THY WILL BE DONE MSY
42%
I Want to Die in New Orleans Nicotine Patches
42%
KILL YOURSELF Part II: The Black Suede Saga Ocean Side $uicide
42%
$outh $ide $uicide (with Pouya) Runnin' Thru the 7th with My Woadies
42%
KILL YOURSELF Part XIV: The Vulture Saga Venom (feat. Shakewell)
42%
KILL YOURSELF Part VII: The Fuck God Saga VIVIVI (feat. Ramirez)
42%
YUNGDEATHLILLIFE April Mourning
38%
Black $uicide (with Black Smurf) Black $uicide
38%
DIRTIESTNASTIEST$UICIDE (with Germ) BUCKHEAD
38%
Now the Moon's Rising Can of Worms
38%
KILL YOURSELF Part VII: The Fuck God Saga Crucify Me Wearing Tommy
38%
I No Longer Fear the Razor Guarding My Heel (V) Finding Shelter In My Larynx
38%
THY KINGDOM COME Full of Grace (I Refuse to Tend My Own Grave)
38%
KILL YOURSELF Part IX: The Soulseek Saga Hair
38%
KILL YOURSELF Part XX: The Infinity Saga I Hung Myself For a Persona
38%
Sing Me a Lullaby, My Sweet Temptation In Constant Sorrow
38%
I Want to Die in New Orleans King Tulip
38%
KILL YOURSELF Part IV: The Trill Clinton Saga Lo-Fi (Kill 'Em All)
38%
Gray/Grey Magnolia (feat. KirbLaGoop)
38%
KILL YOURSELF Part I: The $uicide Saga Maple Syrup - DJ Poliwhirl Remix (feat. BONES)
38%
KILL YOURSELF Part I: The $uicide Saga Maple Syrup (feat. BONES)
38%
I No Longer Fear the Razor Guarding My Heel My Flaws Burn Through My Skin Like Demonic Flames from Hell
38%
Long Term Effects of SUFFERING NEW PROFILE PIC
38%
THY KINGDOM COME Now and at the Hour of Our Death (feat. BONES)
38%
I Want to Die in New Orleans Phantom Menace
38%
KILL YOURSELF Part IV: The Trill Clinton Saga Prince Tulip
38%
STOP STARING AT THE SHADOWS Putrid Pride
38%
KILL YOURSELF Part II: The Black Suede Saga Rotten Souls
38%
G​.​R​.​E​.​Y​.​G​.​O​.​D​.​S. (with Ramirez) Sarcophagus
38%
G.R.E.Y.G.O.D.S.I.I. (with Ramirez) Sarcophagus III
38%
SHAMELESS $UICIDE (with Shakewell) SHAMELESS $UICIDE
38%
KILL YOURSELF Part III: The Budd Dwyer Saga Slow Motion Potion (feat. Supa Sortahuman)
38%
I No Longer Fear the Razor Guarding My Heel (III) Soul Doubt
38%
YIN YANG TAPES: Summer Season (1989-1990) Starry 9
38%
7th or St. Tammany Straw Chairs
38%
Long Term Effects of SUFFERING The Number You Have Dialed Is Not in Service
38%
New World Depression Transgressions
38%
I Want to Die in New Orleans WAR TIME ALL THE TIME
38%
STOP STARING AT THE SHADOWS What The Fuck Is Happening
38%
New World Depression Are You Going to See the Rose in the Vase, or the Dust on the Table?
35%
STOP STARING AT THE SHADOWS Bizarro
35%
Dark Side of the Clouds Cherry P.I.E.
35%
Now the Moon's Rising Dejection
35%
Eternal Grey Eclipse
35%
Single 3 Either Hated or Ignored
35%
My Liver Will Handle What My Heart Can’t Fold
35%
I Want to Die in New Orleans Fuck the Industry
35%
KILL YOURSELF Part VII: The Fuck God Saga Grey Boys
35%
G.R.E.Y.G.O.D.S.I.I. (with Ramirez) Grey Magic
35%
KILL YOURSELF Part XIII: The Atlantis Saga Hard to Tell
35%
DIRTIESTNASTIEST$UICIDE (with Germ) I Dream of Chrome
35%
KILL YOURSELF Part XVI: The Faded Stains Saga I'm Done.
35%
YUNGDEATHLILLIFE I Miss My Dead Friends
35%
STOP STARING AT THE SHADOWS I Wanna Be Romanticized
35%
Eternal Grey I Want to Believe
35%
KILL YOURSELF Part VIII: The Seppuku Saga Kamehameha - Kamikaze Remix
35%
High Tide in the Snake’s Nest Mannequins Are My Best of Friends
35%
KILL YOURSELF Part I: The $uicide Saga Mask & Da Glock (feat. TrippyThaKid)
35%
STOP STARING AT THE SHADOWS MEGA ZEPH
35%
New World Depression Misery in Waking Hours
35%
KILL YOURSELF Part XX: The Infinity Saga Now I'm Up To My Neck With Offers
35%
KILL YOURSELF Part VII: The Fuck God Saga NOxygen
35%
Gray/Grey Pontiac Sunfire
35%
Dark Side of the Clouds praisethedevil
35%
YIN YANG TAPES: Fall Season (1989-1990) Provolone & Heroin (feat. Freddie Dredd)
35%
Sing Me a Lullaby, My Sweet Temptation Resistance Is Useless
35%
Black $uicide Side B: $uicide Hustle (with Black Smurf) Ruby Is Finally Satisfied with His Verse
35%
My Liver Will Handle What My Heart Can’t Shattered Amethyst
35%
DIRTIERNASTIER$UICIDE (with Germ) Slip On a Banana Clip
35%
KILL YOURSELF Part III: The Budd Dwyer Saga Smoked Out, Loced Out
35%
KILL YOURSELF Part X: The Resurrection Saga Smoked Out, Loced Out - Part II (feat. Eddy Baker)
35%
Now the Moon's Rising To Have and Have Not
35%
My Liver Will Handle What My Heart Can’t T.R.U. (Totally Rotten Underground)
35%
Sing Me a Lullaby, My Sweet Temptation $uicideboy$ Were Better In 2015
35%
Sing Me a Lullaby, My Sweet Temptation Unlucky Me
35%
Eternal Grey Water $uicide (feat. Chris Travis)
35%
THY WILL BE DONE Whatever Floats Your Boat Will Definitely Sink My Ship
35%
SHAMELESS $UICIDE (with Shakewell) Whole Lotta Grey
35%
YIN YANG TAPES: Summer Season (1989-1990) 5 'N The Mornin'
31%
G​.​R​.​E​.​Y​.​G​.​O​.​D​.​S. (with Ramirez) 6 6 6 F O R E V E R
31%
My Liver Will Handle What My Heart Can’t A Death in the Ocean Would Be Beautiful
31%
I No Longer Fear the Razor Guarding My Heel (V) A Little Trauma Can Be Illuminating, And I'm Shining Like The Sun
31%
STOP STARING AT THE SHADOWS All Dogs Go to Heaven
31%
Grey Sheep II Aokigahara
31%
Sing Me a Lullaby, My Sweet Temptation Ashes of Luxury
31%
G.R.E.Y.G.O.D.S.I.I. (with Ramirez) Ashtray
31%
KILL YOURSELF Part XII: The Dark Glacier Saga Audubon
31%
KILL YOURSELF Part VII: The Fuck God Saga Back from the Dead
31%
Gray/Grey Behold a Pale Horse
31%
DIRTIESTNASTIEST$UICIDE (with Germ) Center Core Never More
31%
YUNGDEATHLILLIFE Cerberus (feat. Masta Drag)
31%
THY KINGDOM COME Chain Breaker
31%
Radical $uicide Champion of Death
31%
KILL YOURSELF Part IX: The Soulseek Saga Don't Give a Fuck - Soul Doubt Remix
31%
New World Depression Drag ’Em to the River - Totalitarian Remix
31%
KILL YOURSELF Part X: The Resurrection Saga Durango '95 (A Real Horror Show)
31%
Eternal Grey Elysian Fields
31%
Sing Me a Lullaby, My Sweet Temptation Escape From BABYLON
31%
Sing Me a Lullaby, My Sweet Temptation Eulogy
31%
KILL YOURSELF Part XVII: The Suburban Sacrifice Saga Face It
31%
Long Term Effects of SUFFERING Forget It
31%
My Liver Will Handle What My Heart Can’t FUCKTHEPOPULATION
31%
Gray/Grey Gabapentin Getaway
31%
KILL YOURSELF Part XVIII: The Fall of Idols Saga Goodbye
31%
YUNGDEATHLILLIFE Handzum $uicide (feat. Rozz Dyliams)
31%
KILL YOURSELF Part III: The Budd Dwyer Saga Heavily Medicated
31%
DIRTIERNASTIER$UICIDE (with Germ) Here We Go Again
31%
KILL YOURSELF Part XIX: The Deep End Saga Introversion 2.0
31%
Live Fast, Die Whenever (with Travis Barker) Killing 2 Birds With 22 Stones
31%
YUNGDEATHLILLIFE La Croix
31%
KILL YOURSELF Part XIX: The Deep End Saga Leave Me Alone
31%
KILL YOURSELF Part X: The Resurrection Saga Limp Wrist
31%
I Want to Die in New Orleans Meet Mr. NICEGUY
31%
THY KINGDOM COME Oh, What a Wretched Man I Am!
31%
Grey Sheep Oracle
31%
KILL YOURSELF Part IV: The Trill Clinton Saga Peso
31%
My Liver Will Handle What My Heart Can’t Reign in Blood
31%
STOP STARING AT THE SHADOWS Scope Set
31%
Radical $uicide Stop Calling Us Horrorcore
31%
High Tide in the Snake’s Nest Sunshine
31%
STOP STARING AT THE SHADOWS That Just Isn't Empirically Possible
31%
Now the Moon's Rising Underwater Malibu
31%
My Liver Will Handle What My Heart Can’t Vincent Van Gogh Ain't Got Shit on Me
31%
Eternal Grey 275 $uicide
27%
7th or St. Tammany 40 Oz. & Sober
27%
Long Term Effects of SUFFERING 5 Grand at 8 to 1
27%
Grey Sheep II A Girl Named Drool and a Pack of Kools
27%
YUNGDEATHLILLIFE All My Life I've Wanted a Chevy
27%
Grey Sheep Black Beard
27%
Long Term Effects of SUFFERING Bleach
27%
YIN YANG TAPES: Winter Season (1989-1990) Bossier City Kidnap Victims
27%
Grey Sheep Broke(n)
27%
Black $uicide (with Black Smurf) Brooklyn
27%
THY KINGDOM COME Carried Away (feat. Night Lovell)
27%
YIN YANG TAPES: Spring Season (1989-1990) Château Gris
27%
Now the Moon's Rising Converting...
27%
Single 6 Datura
27%
YIN YANG TAPES: Winter Season (1989-1990) Didn't They Give You Percocet?
27%
G​.​R​.​E​.​Y​.​G​.​O​.​D​.​S. (with Ramirez) Dolemite
27%
Now the Moon's Rising Evolution (Pretty Good Movie / Pretty Good Theory)
27%
THY WILL BE DONE Frenzy
27%
STOP STARING AT THE SHADOWS Fuck Your Culture
27%
KILL YOURSELF Part XVI: The Faded Stains Saga Gloom
27%
Radical $uicide Goosebumps
27%
Now the Moon's Rising Gutting Catfish
27%
DIRTYNASTY$UICIDE (with Germ) Hepatitis G
27%
7th or St. Tammany I'll Pay for It (If I Want It)
27%
Eternal Grey It's Hard to Win When You Always Lose
27%
KILL YOURSELF Part XVII: The Suburban Sacrifice Saga Lamar Avenue
27%
Eternal Grey Lucky Me
27%
DIRTIESTNASTIEST$UICIDE (with Germ) My Swisher Sweet, But My Sig Sauer
27%
KILL YOURSELF Part XI: The Kingdom Come Saga Nightmare Choir (I Been Asleep Too Long)
27%
Live Fast, Die Whenever (with Travis Barker) nothingleftnothingleft
27%
KILL YOURSELF Part XIII: The Atlantis Saga O' Lord! I Have My Doubts
27%
KILL YOURSELF Part XIV: The Vulture Saga Pump Fake
27%
7th or St. Tammany Rag Round My Skull
27%
KILL YOURSELF Part VI: The Tsunami Saga Saturn Sunrise
27%
SHAMELESS $UICIDE (with Shakewell) Six Lines, Two Dragons, and a Messiah
27%
KILL YOURSELF Part X: The Resurrection Saga Sleep Walk
27%
YUNGDEATHLILLIFE Sold My Soul to Satan Waiting in Line at the Mall
27%
Live Fast, Die Whenever (with Travis Barker) Sour Grapes
27%
Grey Sheep II The Nail to the Cross
27%
Black $uicide Side B: $uicide Hustle (with Black Smurf) Who's Pills Are These? (What Bag Were They In?)
27%
DIRTIERNASTIER$UICIDE (with Germ) 20th Centurion
23%
KILL YOURSELF Part VIII: The Seppuku Saga Bags
23%
Eternal Grey BREAKDALAW2k16 (feat. Pouya)
23%
I Want to Die in New Orleans Bring out Your Dead
23%
My Liver Will Handle What My Heart Can’t Cherish the Dead
23%
Grey Sheep II Chevrolet - Pimpalicious Candy Cane Mane '74 Remix
23%
I No Longer Fear the Razor Guarding My Heel I Will Celebrate for Stepping on Broken Glass and Slipping on Stomach Soaked Floors
23%
Live Fast, Die Whenever (with Travis Barker) DON'T TRUST ANYONE!
23%
Grey Sheep Everest
23%
YIN YANG TAPES: Fall Season (1989-1990) Fall Season Intro
23%
Black $uicide (with Black Smurf) Fema Camps
23%
KILL YOURSELF Part X: The Resurrection Saga Flodgin'
23%
Single 4 HUNG UP ON THE COME UP
23%
KILL YOURSELF Part XVIII: The Fall of Idols Saga I Am the Apocalypse
23%
Long Term Effects of SUFFERING If Self-Destruction Was an Olympic Event, I'd Be Tonya Harding
23%
I No Longer Fear the Razor Guarding My Heel (III) If You Were to Get What You Deserve, You Would Know What the Bottom of a Tire Tastes Like
23%
Live Fast, Die Whenever (with Travis Barker) Individuality Was So Last Year
23%
Black $uicide Side B: $uicide Hustle (with Black Smurf) Lacombe
23%
Long Term Effects of SUFFERING Life Is But a Stream~
23%
Gray/Grey Loot (feat. Ramirez & Black Smurf)
23%
THY WILL BE DONE Old Addicts, New Habits
23%
Gray/Grey Prettyleaf
23%
KILL YOURSELF Part VI: The Tsunami Saga Purple Ranger - Sippin' Donatello with Captain Ginyu Y2K Remix (feat. Wavy Jone$)
23%
Grey Sheep II Resin
23%
Eternal Grey Say Cheese and Die
23%
Single 5 Scrape
23%
DIRTYNASTY$UICIDE (with Germ) Slenderman
23%
YIN YANG TAPES: Spring Season (1989-1990) Spring Season Intro
23%
YIN YANG TAPES: Summer Season (1989-1990) Summer Season Intro
23%
KILL YOURSELF Part VIII: The Seppuku Saga Tempura
23%
Grey Sheep The Crescent Moon and the Rising Sun
23%
Grey Sheep II The Sacred
23%
KILL YOURSELF Part IV: The Trill Clinton Saga Thieves
23%
Gray/Grey To Kill a Mockingbird (feat. Nightmare Nasty)
23%
KILL YOURSELF Part VI: The Tsunami Saga Tony Hawk Pro Skater 4
23%
KILL YOURSELF Part VI: The Tsunami Saga Trapathy
23%
KILL YOURSELF Part VIII: The Seppuku Saga Vietnam
23%
Long Term Effects of SUFFERING WE ENVY NOTHING IN THE WORLD.
23%
YIN YANG TAPES: Winter Season (1989-1990) Winter Season Intro
23%
Eternal Grey Chariot of Fire
19%
YIN YANG TAPES: Fall Season (1989-1990) Every Dog Has His Day
19%
High Tide in the Snake’s Nest Fake Pontchartrain
19%
Black $uicide Side B: $uicide Hustle (with Black Smurf) Free Gucci
19%
Black $uicide Side C: The Seventh Seal (with Black Smurf) Germantown
19%
SHAMELESS $UICIDE (with Shakewell) Gutter Bravado
19%
THY WILL BE DONE Hypernormalisation
19%
My Liver Will Handle What My Heart Can’t Iron Veil
19%
Black $uicide Side B: $uicide Hustle (with Black Smurf) It's About a 6 Hour Drive
19%
Dark Side of the Clouds Jon Voight (Live Fast, Die Young)
19%
DIRTIERNASTIER$UICIDE (with Germ) King Cobra (Drippin')
19%
KILL YOURSELF Part X: The Resurrection Saga Lemon Slime
19%
Grey Sheep Let 'Em Burn
19%
High Tide in the Snake’s Nest Lincoln Continental Memorial (feat. Slug † Christ)
19%
I No Longer Fear the Razor Guarding My Heel (II) My Closet Is a Graveyard
19%
STOP STARING AT THE SHADOWS One Last Look at the Damage
19%
Dark Side of the Clouds Paper Bag Mask
19%
YIN YANG TAPES: Spring Season (1989-1990) Realism VS Idealism
19%
KILL YOURSELF Part XVII: The Suburban Sacrifice Saga Second Lines Come with Broken Souls
19%
KILL YOURSELF Part IV: The Trill Clinton Saga Sleepy Hollow - Slopped & Chewed
19%
7th or St. Tammany St. Bernard
19%
KILL YOURSELF Part XI: The Kingdom Come Saga Temple Spray
19%
YUNGDEATHLILLIFE That Time We Went to Wal Mart In Memphis To Steal Some Shit Before We Met Up With TA To Shoot His Video
19%
New World Depression The Light at the End of the Tunnel for $9.99 a Month
19%
DIRTIESTNASTIEST$UICIDE (with Germ) The Serpent and the Rainbow
19%
KILL YOURSELF Part X: The Resurrection Saga Torcher
19%
DIRTIERNASTIER$UICIDE (with Germ) Treat 'Em Like a Prostitute
19%
My Liver Will Handle What My Heart Can’t Tulane
19%
DIRTYNASTY$UICIDE (with Germ) Uzi Loogies
19%
Black $uicide Side B: $uicide Hustle (with Black Smurf) Weightoven
19%
SHAMELESS $UICIDE (with Shakewell) Went to Rehab and All I Got Was This Lousy T-Shirt
19%
STOP STARING AT THE SHADOWS [whispers indistinctly]
19%
My Liver Will Handle What My Heart Can’t Whoa, I'm Woeful
19%
Black $uicide Side C: The Seventh Seal (with Black Smurf) WiFi Password Incorrect
19%
I No Longer Fear the Razor Guarding My Heel (III) All That Glitters Is Not Gold, But It's Still Damn Beautiful
15%
Black $uicide Side B: $uicide Hustle (with Black Smurf) Chilly Gentilly
15%
YUNGDEATHLILLIFE I Ended Up Driving the Camaro Off the Causeway Bridge
15%
Single 2 FUCKALLOFYOU2K18
15%
YUNGDEATHLILLIFE Fuck Boy Blood Bath
15%
Dark Side of the Clouds Grayscale (feat. JGRXXN, Black Smurf & Ramirez)
15%
Now the Moon's Rising I Think I'm Ian Read
15%
Long Term Effects of SUFFERING Lighting the Flames of My Own Personal Hell
15%
Dark Side of the Clouds Marlboros & White Widow (feat. Germ)
15%
Long Term Effects of SUFFERING Materialism as a Means to an End
15%
G.R.E.Y.G.O.D.S.I.I. (with Ramirez) One Girl, Six Blades, One Night of Sin
15%
KILL YOURSELF Part XV: The Coast of Ashes Saga Pictures (feat. Maxo Kream)
15%
KILL YOURSELF Part XII: The Dark Glacier Saga Planting the Roots Only to Fall Out the Tree
15%
High Tide in the Snake’s Nest Rotten and Paralyzed in a Tropical Paradise
15%
Grey Sheep Second Coming
15%
KILL YOURSELF Part XVI: The Faded Stains Saga Smoked Out, Scoped Out
15%
KILL YOURSELF Part XV: The Coast of Ashes Saga Styrofoam
15%
G​.​R​.​E​.​Y​.​G​.​O​.​D​.​S. (with Ramirez) The Road To Hell Is Highway 59
15%
KILL YOURSELF Part VI: The Tsunami Saga $uicider
15%
DIRTYNASTY$UICIDE (with Germ) West End
15%
KILL YOURSELF Part XV: The Coast of Ashes Saga Withdrawals
15%
Black $uicide Side C: The Seventh Seal (with Black Smurf) 93 Premium
12%
New World Depression All of My Problems Always Involve Me
12%
Long Term Effects of SUFFERING Degeneration in the Key of A Minor
12%
YUNGDEATHLILLIFE In Order to Cast a Shadow You Must First Light a Fire
12%
I No Longer Fear the Razor Guarding My Heel My Scars Are Like Evidence Being Mailed to the Judge
12%
KILL YOURSELF Part XI: The Kingdom Come Saga You’re Now Tuning in to 66.6 FM with DJ Rapture (The Hottest Hour of the Evening)
12%
KILL YOURSELF Part XIX: The Deep End Saga Failure by Design
12%
Dark Side of the Clouds Golden Calf (feat. Eddy Baker & Fat Nick)
12%
Gray/Grey Guady Pack Shawty (feat. Yung God)
12%
I Want to Die in New Orleans Krewe De Vieux (Comedy & Tragedy)
12%
Black $uicide Side C: The Seventh Seal (with Black Smurf) Malebranche
12%
Black $uicide Side C: The Seventh Seal (with Black Smurf) Newport Reds
12%
Sing Me a Lullaby, My Sweet Temptation No Matter Which Direction I'm Going In, I Never Chase These Hoes
12%
DIRTYNASTY$UICIDE (with Germ) Not Much To Look At
12%
DIRTIESTNASTIEST$UICIDE (with Germ) Sorry for the Delay
12%
7th or St. Tammany That's Very Minimalist of You
12%
Dark Side of the Clouds Aite, Bet.
8%
KILL YOURSELF Part XVIII: The Fall of Idols Saga From the Beginning of Time Until the End of Time
8%
G.R.E.Y.G.O.D.S.I.I. (with Ramirez) Gorilla Warfare
8%
I No Longer Fear the Razor Guarding My Heel (II) I Will One Day Learn to Fly into the Stars
8%
G.R.E.Y.G.O.D.S.I.I. (with Ramirez) Omen
8%
Dark Side of the Clouds Novus Ordo Seclorum
4%
No matching quizzes found
Score Distribution
Percent of People with Each Score
Percentile by Number Answered
Your Score History
You have not taken this quiz since the last reset